| 000 | 00644nam a2200193Ii 4500 | ||
|---|---|---|---|
| 003 | JO-AjNU | ||
| 008 | 230605s9999||||xx |||||||||||||| ||und|| | ||
| 040 |
_aJO-AjNU _bara _erda _cJO-AjNU |
||
| 041 | _aara | ||
| 050 | 1 | 4 | _aZ665.M3254 1973 |
| 100 | 3 |
_aتاليف كاظم ، مدحت /م مشارك احمد نجيب , _eauthor _916315 |
|
| 245 | 0 | 0 | _aالتربية المكتبية |
| 264 | 3 | 1 | _aالقاهرة : دار الفكر العربي ، 1973 |
| 300 | _a166ص | ||
| 336 |
_atext _btxt _2rdacontent |
||
| 337 |
_aunmediated _bn _2rdamedia |
||
| 338 |
_avolume _bnc _2rdacarrier |
||
| 650 | 4 |
_aالمكتبات المدرسية _916316 |
|
| 999 |
_aA4806 _c8374 _d8374 |
||